| 000 | 00677nam a22002177a 4500 | ||
|---|---|---|---|
| 999 |
_c4072 _d4072 |
||
| 003 | AR-CdUCM | ||
| 008 | 190307b ||||| |||| 00| 0 spa d | ||
| 040 |
_aMUNICIPALIDAD PROVINCIAL DEL CUSCO _cBIBLIOTECA MUNICIPAL DEL CUSCO |
||
| 082 |
_23ed. _a800 / _bV52 |
||
| 100 |
_aVerne, Julio _910153 |
||
| 245 | _aEl pueblo aéreo / | ||
| 260 |
_aBarcelona : _bEditorial mateu, _c1955, 1960. |
||
| 300 |
_a239 paginas ; _c19 cm. |
||
| 440 |
_aColección juvenil cadete _n111 _912942 |
||
| 505 | _aContenido :Historieta. | ||
| 650 |
_aNovelas francesas _9571 |
||
| 650 |
_aNovelas de aventuras _9735 |
||
| 650 |
_aLibros para colorear _912943 |
||
| 942 |
_2ddc _cLIBROS |
||
| 945 | _arum | ||